| 000 | 00532nam a22002057a 4500 | ||
|---|---|---|---|
| 003 | OSt | ||
| 005 | 20181005122141.0 | ||
| 008 | 180502b xxu||||| |||| 00| 0 fre d | ||
| 040 | _aLB-BrCRDP | ||
| 082 | _a372.2 T852e | ||
| 100 | _aJ. Tronchère | ||
| 245 | _aL'école d'aujourd'hui et la mutation des méthodes | ||
| 260 |
_aParis _bLibrairie Armand colin _c1970 |
||
| 300 |
_a144p _c18cm |
||
| 630 | _a Education | ||
| 630 | _a Curricula | ||
| 630 | _aFrance | ||
| 630 | _aPIGNAT, CLOVIS, A. Education | ||
| 942 |
_2ddc _cBK |
||
| 999 |
_c19162 _d19162 |
||